000
00326nam a22001457a 4500
003
SGT
082
_a
347.0954,KOH
100
_a
KOHLI,H.D
245
_a
NEW CASE LAW REFERENCER ON ARBITRATION
250
_a
1ST
260
_a
NEW DELHI
_b
COMMERCIAL BOOKS
_c
2008
300
_a
476
650
_a
ARBITRATION
942
_2
ddc
_c
BK
_0
7
999
_c
9718
_d
9718